[Event "2015 British Chess Championships: Championship"]
[Site "University of Warwick, Coventry, Warwickshire"]
[Date "2015.07.29"]
[Round "3"]
[Board "17"]
[White "Scott, Gordon W"]
[Black "Storey, Charles H"]
[Result "1/2-1/2"]
[WhiteElo "2101"]
[BlackElo "2245"]
[PlyCount "89"]
[EventDate "2015.07.27"]
[EventRounds "11"]
[EventCountry "ENG"]

1. d4 Nf6 2. c4 g6 3. Nf3 Bg7 4. Nc3 d6 5. e4 O-O 6. Be2 e5 7. O-O exd4 8. Nxd4
Re8 9. f3 Nc6 10. Be3 Nh5 11. f4 Nf6 12. Bf3 Nxd4 13. Bxd4 c5 14. Bf2 Be6 15.
Qd3 Nd7 16. Qxd6 Qb6 17. Qxb6 axb6 18. Rfd1 Bxc3 19. bxc3 Ra4 20. f5 gxf5 21.
exf5 Bxf5 22. Bxb7 Rxc4 23. Bc6 Re7 24. Rd5 Ne5 25. Bb5 Rg4 26. Bg3 f6 27. Rf1
Bd7 28. Bxe5 Bxb5 29. Rd8+ Be8 30. Bxf6 Re2 31. g3 Ra4 32. Rf2 Rxf2 33. Kxf2
Rxa2+ 34. Kg1 Kf7 35. Rd6 b5 36. Bg5 Rc2 37. Rf6+ Kg7 38. Re6 Kf8 39. Re5 c4
40. Re3 Bc6 41. h4 h5 42. Be7+ Kf7 43. Bb4 Kf6 44. Kf1 Kf5 45. Re2 1/2-1/2

[Event "2015 British Chess Championships: Championship"]
[Site "University of Warwick, Coventry, Warwickshire"]
[Date "2015.07.29"]
[Round "3"]
[Board "18"]
[White "Hegarty, Sarah N"]
[Black "Osborne, Marcus E"]
[Result "0-1"]
[WhiteElo "2075"]
[BlackElo "2190"]
[PlyCount "100"]
[EventDate "2015.07.27"]
[EventRounds "11"]
[EventCountry "ENG"]

1. e4 e6 2. d4 d5 3. Nc3 Bb4 4. e5 Ne7 5. a3 Bxc3+ 6. bxc3 c5 7. Qg4 O-O 8. Nf3
Nbc6 9. Bd3 f5 10. exf6 Rxf6 11. Bg5 Rf7 12. Qh4 h6 13. Bd2 Qf8 14. Qh5 c4 15.
Be2 Rf5 16. Qh4 Ng6 17. Qg3 Nf4 18. Nh4 Nxe2 19. Kxe2 Rf6 20. f4 Ne7 21. Nf3
Bd7 22. a4 Be8 23. Qh3 Bg6 24. Kd1 Bf5 25. Qh4 Be4 26. Ne5 Ng6 27. Qf2 Nxe5 28.
dxe5 Rg6 29. Rg1 Qf5 30. Be3 Qh5+ 31. Kc1 Qxh2 32. Bxa7 Rxg2 33. Rxg2 Qxg2 34.
Qxg2 Bxg2 35. Bf2 Kh7 36. Kd2 Rf8 37. Ke3 Be4 38. Rb1 Rf7 39. Rb6 g5 40. Bg3 h5
41. Bh2 h4 42. fxg5 Rf3+ 43. Ke2 Rxc3 44. Bf4 d4 45. Rxe6 Rxc2+ 46. Kd1 d3 47.
Rh6+ Kg8 48. e6 c3 49. Be5 Bf3+ 50. Ke1 d2+ 0-1

[Event "2015 British Chess Championships: Championship"]
[Site "University of Warwick, Coventry, Warwickshire"]
[Date "2015.07.29"]
[Round "3"]
[Board "19"]
[White "Okhai, Shabir"]
[Black "Mckenna, Jason P"]
[Result "1-0"]
[WhiteElo "1994"]
[BlackElo "2175"]
[PlyCount "109"]
[EventDate "2015.07.27"]
[EventRounds "11"]
[EventCountry "ENG"]

1. e4 g6 2. d4 Bg7 3. Nf3 d6 4. Bc4 Nf6 5. Qe2 O-O 6. O-O Bg4 7. Nbd2 Nc6 8. c3
e5 9. d5 Ne7 10. h3 Bd7 11. Bd3 Ne8 12. c4 f5 13. Re1 f4 14. b4 h6 15. Bb2 g5
16. Nh2 Ng6 17. Qd1 Rf7 18. Rc1 Bf8 19. Be2 a5 20. b5 Qb8 21. a4 Qa7 22. c5 Nf6
23. cxd6 Bxd6 24. Ng4 Kg7 25. Nxf6 Rxf6 26. Nc4 f3 27. Bxf3 Raf8 28. b6 cxb6
29. Nxd6 Rxd6 30. Ba3 Qb8 31. Bg4 Bxg4 32. Qxg4 Nf4 33. Bxd6 Qxd6 34. Rc4 Rf7
35. Rec1 Nd3 36. R1c2 Nc5 37. g3 Kh7 38. R2c3 Qf6 39. Qf5+ Qxf5 40. exf5 Rxf5
41. Rxc5 bxc5 42. Rxc5 Rf3 43. Rxa5 Rd3 44. Rb5 Kg6 45. g4 Rxh3 46. Rb6+ Kf7
47. Rxb7+ Ke8 48. Rb6 Kd7 49. a5 Ra3 50. a6 Ra4 51. f3 e4 52. Kf2 exf3 53. Kxf3
Rd4 54. a7 Ra4 55. Rxh6 1-0

[Event "2015 British Chess Championships: Championship"]
[Site "University of Warwick, Coventry, Warwickshire"]
[Date "2015.07.29"]
[Round "3"]
[Board "20"]
[White "Fryer, David W"]
[Black "Graham, David B"]
[Result "1-0"]
[WhiteElo "1951"]
[BlackElo "2162"]
[PlyCount "83"]
[EventDate "2015.07.27"]
[EventRounds "11"]
[EventCountry "ENG"]

1. e4 e6 2. d3 c5 3. g3 Nc6 4. Bg2 g6 5. Nc3 Bg7 6. Be3 d6 7. Qd2 Nd4 8. Nd1
Ne7 9. c3 Ndc6 10. Ne2 O-O 11. Bh6 d5 12. h4 dxe4 13. Bxg7 Kxg7 14. Bxe4 f5 15.
Bxc6 Nxc6 16. d4 Qd5 17. Rh2 e5 18. Ne3 Qe4 19. d5 Nd4 20. cxd4 exd4 21. h5
dxe3 22. Qc3+ Rf6 23. hxg6 exf2+ 24. Kxf2 f4 25. Rxh7+ Kxg6 26. Rh6+ Kxh6 27.
Qxf6+ Kh7 28. Qf7+ Kh8 29. Qf6+ Kg8 30. gxf4 Bg4 31. Qg5+ Kf8 32. Qxg4 Re8 33.
Qf3 Qc2 34. Rg1 Qxb2 35. Qg4 Rxe2+ 36. Qxe2 Qd4+ 37. Qe3 Qxd5 38. Re1 Qxa2+ 39.
Re2 Qd5 40. Qe8+ Kg7 41. Re7+ Kh6 42. Re6+ 1-0

[Event "2015 British Chess Championships: Championship"]
[Site "University of Warwick, Coventry, Warwickshire"]
[Date "2015.07.29"]
[Round "3"]
[Board "21"]
[White "Hackner, Oskar A"]
[Black "Jarmany, John"]
[Result "1-0"]
[WhiteElo "2162"]
[BlackElo "2036"]
[PlyCount "51"]
[EventDate "2015.07.27"]
[EventRounds "11"]
[EventCountry "ENG"]

1. d4 Nf6 2. c4 e6 3. Nc3 Bb4 4. f3 d5 5. a3 Be7 6. e4 dxe4 7. fxe4 e5 8. d5
Bc5 9. Nf3 Bg4 10. h3 Bxf3 11. Qxf3 Nbd7 12. Bd3 c6 13. Ne2 O-O 14. b4 Bd4 15.
Nxd4 exd4 16. O-O a5 17. Bg5 axb4 18. axb4 Qe7 19. Rae1 Ne5 20. Qe2 Ra3 21. Bb1
Kh8 22. c5 Rg8 23. Qb2 Rc3 24. Qd2 h6 25. Bxf6 gxf6 26. Qxh6# 1-0

[Event "2015 British Chess Championships: Championship"]
[Site "University of Warwick, Coventry, Warwickshire"]
[Date "2015.07.29"]
[Round "3"]
[Board "22"]
[White "Willow, Jonah B"]
[Black "Beckett, Chris J"]
[Result "0-1"]
[WhiteElo "1918"]
[BlackElo "2160"]
[PlyCount "102"]
[EventDate "2015.07.27"]
[EventRounds "11"]
[EventCountry "ENG"]

1. e4 c6 2. d4 d5 3. f3 Qb6 4. Nc3 dxe4 5. fxe4 e5 6. Nf3 exd4 7. Nxd4 Nf6 8.
Be2 Bb4 9. Be3 O-O 10. O-O Nbd7 11. Qe1 Bc5 12. Na4 Bxd4 13. Nxb6 Bxe3+ 14. Kh1
Bxb6 15. Qh4 Re8 16. Bd3 Ne5 17. Qg3 Kh8 18. Rae1 Bc7 19. Qg5 Bd7 20. h3 Nxd3
21. cxd3 Re5 22. Qe3 Bb6 23. Qf4 Rae8 24. g4 Bc7 25. Qf3 h6 26. Rc1 Bd6 27. Qe3
b6 28. a3 Kh7 29. b4 c5 30. bxc5 Bxc5 31. Qf3 Bc6 32. Rfe1 Ba8 33. Kh2 Bxa3 34.
Ra1 Bd6 35. Kg1 Bc5+ 36. Kf1 a5 37. Ra2 Nd5 38. Raa1 Nb4 39. Rad1 Nc2 40. Re2
Nd4 41. Qg2 Nxe2 42. Qxe2 Bd4 43. Rc1 Rc5 44. Rxc5 Bxc5 45. Qf3 Bc6 46. Qf4 a4
47. Ke2 a3 48. Qxf7 Rf8 49. Qe6 a2 50. Qe5 Ra8 51. Qa1 Bd4 0-1

[Event "2015 British Chess Championships: Championship"]
[Site "University of Warwick, Coventry, Warwickshire"]
[Date "2015.07.29"]
[Round "3"]
[Board "23"]
[White "Burrows, Martin P"]
[Black "Burke, Mitchell R"]
[Result "1/2-1/2"]
[WhiteElo "2148"]
[BlackElo "1966"]
[PlyCount "48"]
[EventDate "2015.07.27"]
[EventRounds "11"]
[EventCountry "ENG"]

1. e4 c5 2. Nf3 d6 3. d4 cxd4 4. Nxd4 Nf6 5. Nc3 a6 6. Be3 e5 7. Nb3 Be7 8. Be2
Be6 9. O-O Nbd7 10. f4 Rc8 11. f5 Bc4 12. Bxc4 Rxc4 13. Nd2 Rc6 14. g4 h5 15.
gxh5 Nxh5 16. Qg4 Ndf6 17. Qf3 Nf4 18. Bxf4 exf4 19. Rf2 Qb6 20. Nb3 Rh4 21.
Kh1 Rxc3 22. bxc3 Nxe4 23. Nd4 Nxf2+ 24. Qxf2 Bf6 1/2-1/2

[Event "2015 British Chess Championships: Championship"]
[Site "University of Warwick, Coventry, Warwickshire"]
[Date "2015.07.29"]
[Round "3"]
[Board "24"]
[White "Shaw, Peter"]
[Black "Taylor, Adam A"]
[Result "1/2-1/2"]
[WhiteElo "2146"]
[BlackElo "2055"]
[PlyCount "70"]
[EventDate "2015.07.27"]
[EventRounds "11"]
[EventCountry "ENG"]

1. d4 Nf6 2. c4 e6 3. g3 Bb4+ 4. Bd2 Qe7 5. Nf3 Nc6 6. Nc3 b6 7. Bg2 Bb7 8. O-O
Na5 9. b3 O-O 10. Qc2 Rac8 11. Rfe1 c5 12. a3 Bxc3 13. Bxc3 cxd4 14. Nxd4 Bxg2
15. Kxg2 Rfd8 16. Bb4 d6 17. Qd3 Qb7+ 18. Qf3 d5 19. Bxa5 bxa5 20. cxd5 Nxd5
21. Rac1 Qb6 22. e3 Qd6 23. a4 h6 24. Red1 Qb6 25. h4 Nb4 26. Rxc8 Rxc8 27. Nb5
Nc2 28. Rc1 a6 29. Nd4 Nxe3+ 30. Qxe3 Rxc1 31. Qxc1 Qxd4 32. Qc8+ Kh7 33. Qxa6
Qd5+ 34. Kh2 Qd2 35. Qb6 g6 1/2-1/2

[Event "2015 British Chess Championships: Championship"]
[Site "University of Warwick, Coventry, Warwickshire"]
[Date "2015.07.29"]
[Round "3"]
[Board "26"]
[White "Ashworth, Michael"]
[Black "Peacock, Malcolm R"]
[Result "1-0"]
[WhiteElo "1912"]
[BlackElo "2123"]
[PlyCount "80"]
[EventDate "2015.07.27"]
[EventRounds "11"]
[EventCountry "ENG"]

1. d4 Nf6 2. c4 c5 3. d5 e5 4. Nc3 d6 5. e4 Be7 6. g3 Na6 7. Bg2 Nc7 8. Nge2 h5
9. h3 h4 10. Be3 Nh7 11. Qd3 Bg5 12. f4 Bf6 13. O-O-O a6 14. fxe5 Bxe5 15. Bf4
Qe7 16. Bxe5 Qxe5 17. gxh4 b5 18. Qg3 Qxg3 19. Nxg3 b4 20. Nce2 f6 21. Bf3 Nf8
22. Bg4 Kf7 23. h5 Nd7 24. Nf5 Ne8 25. Nf4 Ne5 26. Ng6 Nxg6 27. hxg6+ Kf8 28.
Ne3 Ke7 29. Bxc8 Rxc8 30. Nf5+ Kd8 31. h4 Rh5 32. Ng3 Re5 33. Rdf1 Rc7 34. Rf5
Rce7 35. Rxe5 Rxe5 36. Rf1 Ke7 37. Rf5 Rxf5 38. Nxf5+ Kf8 39. Kc2 Nc7 40. Nxd6
Na8 1-0

[Event "2015 British Chess Championships: Championship"]
[Site "University of Warwick, Coventry, Warwickshire"]
[Date "2015.07.29"]
[Round "3"]
[Board "27"]
[White "Pleasants, Allan J"]
[Black "Garnett, John S"]
[Result "1-0"]
[WhiteElo "2120"]
[BlackElo "1984"]
[PlyCount "73"]
[EventDate "2015.07.27"]
[EventRounds "11"]
[EventCountry "ENG"]

1. e4 c6 2. d4 d5 3. Nc3 dxe4 4. Nxe4 h6 5. c3 Bf5 6. Ng3 Bh7 7. Nf3 Nd7 8. Bc4
e6 9. Qe2 Ngf6 10. O-O Bd6 11. Ne5 Nd5 12. f4 O-O 13. Ne4 Bxe4 14. Qxe4 N7f6
15. Qf3 Qc7 16. Bb3 Rad8 17. Nc4 Be7 18. Bd2 c5 19. dxc5 Bxc5+ 20. Kh1 Nb6 21.
Nxb6 Qxb6 22. Be1 Rd7 23. Bh4 Be7 24. f5 e5 25. Rae1 e4 26. Qe2 Rfd8 27. Bxf6
Bxf6 28. Qxe4 Rd2 29. Re2 Rxe2 30. Qxe2 Qc6 31. Qh5 Rd7 32. Re1 Qc7 33. Re8+
Kh7 34. Qg6+ fxg6 35. Bg8+ Kh8 36. Bf7+ Kh7 37. fxg6# 1-0

[Event "2015 British Chess Championships: Championship"]
[Site "University of Warwick, Coventry, Warwickshire"]
[Date "2015.07.29"]
[Round "3"]
[Board "28"]
[White "Page, Mark E"]
[Black "Slade, Theodore"]
[Result "1/2-1/2"]
[WhiteElo "2096"]
[BlackElo "1962"]
[PlyCount "88"]
[EventDate "2015.07.27"]
[EventRounds "11"]
[EventCountry "ENG"]

1. e4 c5 2. f4 d5 3. Nc3 dxe4 4. Nxe4 e6 5. Nf3 Nf6 6. Nxf6+ Qxf6 7. g3 Bd6 8.
Bg2 O-O 9. O-O Nc6 10. Rb1 Rb8 11. Ng5 Qd4+ 12. Kh1 Be7 13. b3 Qd8 14. Bb2 Bxg5
15. fxg5 Qxg5 16. Bxc6 bxc6 17. Qe2 f6 18. c4 Rd8 19. Rf2 e5 20. Qe3 Qxe3 21.
dxe3 Bg4 22. Ba3 e4 23. Bxc5 Bf3+ 24. Kg1 Rb7 25. Bd4 Rbd7 26. c5 f5 27. b4 g5
28. b5 cxb5 29. Rxb5 a6 30. Rb1 f4 31. c6 fxe3 32. Rxf3 Rxd4 33. Rxe3 Rd1+ 34.
Rxd1 Rxd1+ 35. Kf2 Rc1 36. Rxe4 Rxc6 37. Kf3 Kf7 38. h4 gxh4 39. gxh4 Rc3+ 40.
Kg4 Ra3 41. Re2 Ra4+ 42. Kg5 h6+ 43. Kxh6 Rxh4+ 44. Kg5 Ra4 1/2-1/2

[Event "2015 British Chess Championships: Championship"]
[Site "University of Warwick, Coventry, Warwickshire"]
[Date "2015.07.29"]
[Round "3"]
[Board "29"]
[White "Asenov, Pavel"]
[Black "Evans, Nicholas Thomas"]
[Result "1-0"]
[WhiteElo "2081"]
[BlackElo "1923"]
[PlyCount "82"]
[EventDate "2015.07.27"]
[EventRounds "11"]
[EventCountry "ENG"]

1. d4 d5 2. c4 e6 3. Nc3 c6 4. Nf3 dxc4 5. a4 Bb4 6. e3 b5 7. Bd2 a5 8. axb5
Bxc3 9. Bxc3 cxb5 10. b3 Bb7 11. bxc4 b4 12. Bb2 Nf6 13. c5 O-O 14. Bb5 Qc7 15.
O-O Ba6 16. Bxa6 Rxa6 17. Ra4 Nbd7 18. Qe2 Qc6 19. Rfa1 Rfa8 20. Nd2 e5 21. Nb3
exd4 22. exd4 Qc7 23. Qb5 Qf4 24. Qd3 Ng4 25. Qg3 Qe4 26. Qf3 Qc2 27. Qxg4 Qxb3
28. Qxd7 Qxb2 29. Re1 g6 30. Raa1 b3 31. c6 Rf8 32. Rab1 Qc2 33. Rec1 Qd2 34.
c7 b2 35. c8=Q Rxc8 36. Qxc8+ Kg7 37. Rd1 Qe2 38. Qc3 Rf6 39. Qxb2 Qc4 40. Rbc1
Qd5 41. Rc5 Qe4 1-0

[Event "2015 British Chess Championships: Championship"]
[Site "University of Warwick, Coventry, Warwickshire"]
[Date "2015.07.29"]
[Round "3"]
[Board "30"]
[White "Zhu, Richard"]
[Black "Edge, John"]
[Result "0-1"]
[WhiteElo "1869"]
[BlackElo "2080"]
[PlyCount "54"]
[EventDate "2015.07.27"]
[EventRounds "11"]
[EventCountry "ENG"]

1. d4 Nf6 2. Nf3 c5 3. c3 b6 4. Bg5 Bb7 5. Nbd2 d5 6. e3 Nbd7 7. Bd3 Ne4 8. Bf4
e6 9. Qc2 f5 10. Ne5 Nxe5 11. Bxe5 Nxd2 12. Bb5+ Kf7 13. Qxd2 Bd6 14. Bg3 Rf8
15. O-O-O Be7 16. Bd3 b5 17. Be5 Qa5 18. Kb1 cxd4 19. exd4 b4 20. cxb4 Qxb4 21.
Qe2 Qb6 22. Qh5+ Kg8 23. g4 Ba6 24. Bc2 Be2 25. Rdg1 Bf6 26. Bd1 Rab8 27. Bxb8
Qxd4 0-1

[Event "2015 British Chess Championships: Championship"]
[Site "University of Warwick, Coventry, Warwickshire"]
[Date "2015.07.29"]
[Round "3"]
[Board "31"]
[White "Myall, Ivan J"]
[Black "Ilett, Raymond J"]
[Result "1-0"]
[WhiteElo "2048"]
[BlackElo "1886"]
[PlyCount "73"]
[EventDate "2015.07.27"]
[EventRounds "11"]
[EventCountry "ENG"]

1. e4 e6 2. d4 b6 3. Nf3 Bb7 4. Bd3 c5 5. c3 cxd4 6. cxd4 Nf6 7. Nc3 Bb4 8. Qe2
Qc8 9. Bd2 Ba6 10. O-O Bxd3 11. Qxd3 Bxc3 12. Bxc3 Qa6 13. Qe3 d5 14. e5 Ne4
15. Ng5 Nxc3 16. Qxc3 h6 17. Rfc1 O-O 18. Nh3 Nd7 19. Nf4 Rac8 20. Qb3 b5 21.
Rd1 Nb6 22. Qg3 Kh8 23. Nh5 Rg8 24. Qf4 Qb7 25. Nf6 g5 26. Qg4 Rg6 27. Rd3 Nd7
28. Nh5 Rc4 29. Qf3 Kg8 30. b3 Rc2 31. Rc3 Rxc3 32. Qxc3 f6 33. Qc2 f5 34. g4
Kh7 35. gxf5 exf5 36. Qxf5 Qb6 37. Qxd7+ 1-0

[Event "2015 British Chess Championships: Championship"]
[Site "University of Warwick, Coventry, Warwickshire"]
[Date "2015.07.29"]
[Round "3"]
[Board "32"]
[White "Rice, Chris B"]
[Black "Burnett, Jim"]
[Result "0-1"]
[WhiteElo "2015"]
[BlackElo "2091"]
[PlyCount "83"]
[EventDate "2015.07.27"]
[EventRounds "11"]
[EventCountry "ENG"]

1. c4 e6 2. g3 d5 3. Bg2 c6 4. Nf3 Nf6 5. O-O Be7 6. b3 O-O 7. Bb2 Nbd7 8. d3
b5 9. Qc2 Bb7 10. Nbd2 Qb6 11. h3 Rfc8 12. e4 Rab8 13. Rab1 a5 14. Rfe1 Qd8 15.
Re2 Ba6 16. Rbe1 bxc4 17. bxc4 Bb4 18. Rb1 Qf8 19. Bc3 Bxc3 20. Qxc3 Rxb1+ 21.
Nxb1 dxe4 22. dxe4 Qb4 23. Qxb4 axb4 24. e5 Ne8 25. Rd2 Nb6 26. c5 Nd5 27. Nd4
Bc4 28. Rb2 Ra8 29. Nd2 Bb5 30. Nxb5 cxb5 31. Bxd5 exd5 32. Rxb4 Rxa2 33. Nf3
Nc7 34. Nd4 Ra4 35. Nc2 Kf8 36. Kf1 Ke7 37. Ke2 Kd7 38. Rxa4 bxa4 39. Nb4 a3
40. Kd3 Ke6 41. Kc3 g5 42. Kb3 0-1

[Event "2015 British Chess Championships: Championship"]
[Site "University of Warwick, Coventry, Warwickshire"]
[Date "2015.07.29"]
[Round "3"]
[Board "33"]
[White "Chevannes, Sabrina L"]
[Black "Willson, Ollie"]
[Result "0-1"]
[WhiteElo "2228"]
[BlackElo "1909"]
[PlyCount "80"]
[EventDate "2015.07.27"]
[EventRounds "11"]
[EventCountry "ENG"]

1. d4 Nf6 2. c4 g6 3. Nf3 Bg7 4. g3 d6 5. Bg2 O-O 6. O-O Nc6 7. Nc3 e5 8. dxe5
Nxe5 9. Nxe5 dxe5 10. Qxd8 Rxd8 11. Bg5 Rf8 12. Nb5 c6 13. Nd6 Bg4 14. b3 Rab8
15. Be3 a6 16. f3 Be6 17. Rad1 b6 18. f4 Ng4 19. Bc1 exf4 20. Bxf4 c5 21. h3
Ne5 22. Ne4 h6 23. g4 Rbd8 24. Nd6 Rd7 25. Nb7 g5 26. Bg3 Ng6 27. Rxd7 Bxd7 28.
Rd1 Bd4+ 29. Kf1 f5 30. Bd6 fxg4+ 31. Bxf8 gxh3 32. Bd5+ Kxf8 33. Be4 Ne5 34.
Nd6 Ng4 35. Rd3 Ne3+ 36. Ke1 Ke7 37. Nb7 g4 38. Kd2 Bf5 39. Rxe3 Bxe3+ 40. Kxe3
Bxe4 0-1

[Event "2015 British Chess Championships: Championship"]
[Site "University of Warwick, Coventry, Warwickshire"]
[Date "2015.07.29"]
[Round "3"]
[Board "34"]
[White "Lentzos, Ioanis"]
[Black "Wager, John D"]
[Result "1/2-1/2"]
[WhiteElo "2019"]
[BlackElo "2117"]
[PlyCount "133"]
[EventDate "2015.07.27"]
[EventRounds "11"]
[EventCountry "ENG"]

1. e4 Nc6 2. Nf3 d6 3. d4 Nf6 4. Nc3 Bg4 5. Be3 e6 6. h3 Bh5 7. Bd3 d5 8. e5
Nd7 9. a3 Be7 10. g4 Bg6 11. h4 Bxd3 12. Qxd3 Na5 13. b3 c5 14. dxc5 Nc6 15.
Ke2 Nxc5 16. Bxc5 Bxc5 17. Qb5 Qb6 18. Rhf1 Qxb5+ 19. Nxb5 O-O 20. b4 Bb6 21.
Rad1 a6 22. Nd6 Rab8 23. c4 Ne7 24. c5 Bc7 25. Nd4 Nc6 26. f4 Nxd4+ 27. Rxd4 b6
28. c6 Rfd8 29. Nb7 Rdc8 30. Rc1 f6 31. Nd6 Rd8 32. b5 fxe5 33. fxe5 a5 34. Rd3
Bxd6 35. exd6 Rxd6 36. c7 Rc8 37. Rdc3 e5 38. Rc6 Rxc6 39. Rxc6 Kf7 40. a4 Ke7
41. g5 Kd7 42. Rxb6 Kxc7 43. Ra6 Kb7 44. Rxa5 d4 45. Ra6 Rc2+ 46. Kd1 d3 47.
Re6 Re2 48. a5 e4 49. Re7+ Kc8 50. a6 e3 51. a7 Ra2 52. Rxe3 Rxa7 53. Re4 Rd7
54. Kd2 Kc7 55. Re6 Kb7 56. Re3 Kb6 57. Rxd3 Rxd3+ 58. Kxd3 Kxb5 59. Kd4 Kc6
60. Ke5 Kd7 61. Kf5 Ke7 62. h5 Kf7 63. g6+ hxg6+ 64. hxg6+ Ke7 65. Ke5 Kd7 66.
Kd5 Ke7 67. Ke5 1/2-1/2

[Event "2015 British Chess Championships: Championship"]
[Site "University of Warwick, Coventry, Warwickshire"]
[Date "2015.07.29"]
[Round "3"]
[Board "35"]
[White "Brozel, Sacha"]
[Black "Villiers, Thomas"]
[Result "0-1"]
[WhiteElo "1976"]
[BlackElo "2097"]
[PlyCount "136"]
[EventDate "2015.07.27"]
[EventRounds "11"]
[EventCountry "ENG"]

1. d4 Nf6 2. c4 e5 3. dxe5 Ng4 4. Nf3 Nc6 5. a3 Bc5 6. e3 a5 7. Be2 O-O 8. O-O
Re8 9. b3 Ncxe5 10. Nc3 Ra6 11. Nd5 Nxf3+ 12. Bxf3 Nxh2 13. Re1 Nxf3+ 14. Qxf3
Rg6 15. Bb2 c6 16. Nf4 Rh6 17. Qg3 Bf8 18. Rad1 Qh4 19. Qxh4 Rxh4 20. g3 Rh6
21. e4 d6 22. Bc3 Bg4 23. Rd3 g5 24. Ng2 Rhe6 25. f3 Bh5 26. g4 Bg6 27. Bxa5
Ra8 28. Bd2 f6 29. a4 h5 30. gxh5 Bxh5 31. Kf2 Bg6 32. Ne3 Kf7 33. Bb4 Rae8 34.
Red1 c5 35. Bc3 g4 36. Nxg4 f5 37. exf5 Bxf5 38. R3d2 Be7 39. Rh1 Bg5 40. Rd5
Kg6 41. Kg3 Rf8 42. Rhd1 Bc2 43. Re1 Bf4+ 44. Kf2 Rxe1 45. Bxe1 Bxb3 46. Ne3
Bxa4 47. Bd2 Bc6 48. Rd3 Be5 49. Nd5 Rf7 50. Ke2 b5 51. f4 Bd4 52. Rg3+ Kh7 53.
Kd3 Ra7 54. Ne3 bxc4+ 55. Kxc4 Ra3 56. Be1 Rxe3 57. Rxe3 Bxe3 58. f5 d5+ 59.
Kd3 Bd4 60. Bh4 Bb5+ 61. Kc2 Bd7 62. f6 Kg6 63. Kd3 Bf5+ 64. Kd2 Bxf6 65. Bf2
c4 66. Bc5 d4 67. Kc1 c3 68. Kd1 c2+ 0-1

[Event "2015 British Chess Championships: Championship"]
[Site "University of Warwick, Coventry, Warwickshire"]
[Date "2015.07.29"]
[Round "3"]
[Board "36"]
[White "Menadue, Jeremy F S"]
[Black "Shepherd, Katherine M"]
[Result "1/2-1/2"]
[WhiteElo "2042"]
[BlackElo "1864"]
[PlyCount "139"]
[EventDate "2015.07.27"]
[EventRounds "11"]
[EventCountry "ENG"]

1. c4 c6 2. e4 d5 3. exd5 cxd5 4. cxd5 Qxd5 5. Nc3 Qd8 6. d4 e6 7. Nf3 Nf6 8.
Bc4 Nbd7 9. O-O Nb6 10. Bb3 Nfd5 11. Ne4 Be7 12. a3 O-O 13. Qd3 Nf6 14. Ng3
Nbd5 15. Bg5 b6 16. Ne5 Bb7 17. Rac1 Qd6 18. Bc2 a5 19. Rfe1 Ba6 20. Qf3 Rac8
21. Bb1 Rxc1 22. Rxc1 Rc8 23. Rxc8+ Bxc8 24. h4 h6 25. Ne4 Qc7 26. Bd2 Bd6 27.
Nxd6 Qxd6 28. g4 Nc7 29. Qd3 Ba6 30. Qc2 Nb5 31. Qc6 Qxc6 32. Nxc6 Bb7 33. Nd8
Bd5 34. g5 hxg5 35. hxg5 Nxd4 36. Be3 Nf3+ 37. Kf1 Nd7 38. g6 f5 39. Nf7 Bc4+
40. Kg2 Nh4+ 41. Kh3 Nxg6 42. Nd6 Bd5 43. Bd3 Nc5 44. Bb5 f4 45. Bd2 e5 46. Kg4
Ne4 47. Nxe4 Bxe4 48. b4 axb4 49. Bc4+ Kf8 50. Bxb4+ Ne7 51. Bd6 f3 52. Bxe5
Bc6 53. Bd6 Ke8 54. Be5 Kf8 55. Bb3 Ng6 56. Bd4 b5 57. Kf5 Nh4+ 58. Kg5 Ng2 59.
Bc5+ Ke8 60. Kg6 Nf4+ 61. Kxg7 Nd3 62. Bd4 Ke7 63. Kg6 Be4+ 64. Kg5 Kd6 65. Kg4
Kc6 66. Be3 Kd6 67. Bf4+ Kc6 68. Be3 Kd6 69. Bf4+ Kc6 70. Be3 1/2-1/2

[Event "2015 British Chess Championships: Championship"]
[Site "University of Warwick, Coventry, Warwickshire"]
[Date "2015.07.29"]
[Round "3"]
[Board "37"]
[White "Pollyn, Stephen"]
[Black "Gower, Sam"]
[Result "0-1"]
[WhiteElo "1870"]
[BlackElo "1915"]
[PlyCount "52"]
[EventDate "2015.07.27"]
[EventRounds "11"]
[EventCountry "ENG"]

1. e4 e5 2. Nf3 Nc6 3. Bc4 Bc5 4. c3 d6 5. b4 Bb6 6. d3 Nf6 7. h3 h6 8. Bb2 O-O
9. Nbd2 Ne7 10. Qe2 Ng6 11. g3 c6 12. O-O-O a5 13. a3 axb4 14. axb4 Qe7 15. Kc2
Bc7 16. Ra1 Rxa1 17. Bxa1 d5 18. Bb3 Be6 19. exd5 cxd5 20. c4 dxc4 21. Nxc4 b5
22. Ncxe5 Bxb3+ 23. Kxb3 Qe6+ 24. Kc2 Qa2+ 25. Bb2 Bxe5 26. Nxe5 Rc8+ 0-1

[Event "2015 British Chess Championships: Championship"]
[Site "University of Warwick, Coventry, Warwickshire"]
[Date "2015.07.30"]
[Round "4"]
[Board "1"]
[White "Pert, Richard G"]
[Black "Hawkins, Jonathan"]
[Result "1/2-1/2"]
[WhiteElo "2440"]
[BlackElo "2554"]
[PlyCount "33"]
[EventDate "2015.07.27"]
[EventRounds "11"]
[EventCountry "ENG"]

1. d4 d5 2. c4 e6 3. Nf3 Nf6 4. Nc3 Be7 5. Bf4 O-O 6. e3 Nbd7 7. cxd5 Nxd5 8.
Nxd5 exd5 9. Bd3 c5 10. O-O c4 11. Bc2 b5 12. e4 Re8 13. e5 Nf8 14. h3 Ng6 15.
Be3 f5 16. exf6 Bxf6 17. Qd2 1/2-1/2

[Event "2015 British Chess Championships: Championship"]
[Site "University of Warwick, Coventry, Warwickshire"]
[Date "2015.07.30"]
[Round "4"]
[Board "2"]
[White "Flear, Glenn C"]
[Black "Hebden, Mark L"]
[Result "1-0"]
[WhiteElo "2450"]
[BlackElo "2500"]
[PlyCount "95"]
[EventDate "2015.07.27"]
[EventRounds "11"]
[EventCountry "ENG"]

1. d4 Nf6 2. c4 g6 3. Nc3 Bg7 4. e4 d6 5. Be2 O-O 6. Bg5 c6 7. Nf3 Na6 8. O-O
h6 9. Be3 Ng4 10. Bc1 e5 11. h3 exd4 12. Nxd4 Nf6 13. Re1 Re8 14. Bf3 Nd7 15.
Be3 Ne5 16. Be2 Nc5 17. Qd2 Qh4 18. f4 Ned7 19. Bf3 a5 20. Bf2 Qe7 21. Rad1 Nb6
22. b3 a4 23. Qc2 axb3 24. axb3 Nbd7 25. b4 Na6 26. b5 Nb4 27. Qb3 c5 28. Nc2
Nxc2 29. Nd5 Qd8 30. Qxc2 Nb6 31. e5 Bf5 32. Qb3 dxe5 33. Bxc5 Nxd5 34. Bxd5
Qc7 35. Bd6 Qa5 36. fxe5 Be6 37. Bxe6 Rxe6 38. c5 Rae8 39. Rf1 Qd8 40. Qf3 Qd7
41. c6 bxc6 42. bxc6 Qa7+ 43. Kh1 f5 44. c7 Bxe5 45. Bxe5 Rxe5 46. Qb3+ Kh8 47.
Rd7 Qa6 48. Rg1 1-0

[Event "2015 British Chess Championships: Championship"]
[Site "University of Warwick, Coventry, Warwickshire"]
[Date "2015.07.30"]
[Round "4"]
[Board "3"]
[White "Williams, Simon K"]
[Black "Howell, David W L"]
[Result "0-1"]
[WhiteElo "2426"]
[BlackElo "2698"]
[PlyCount "54"]
[EventDate "2015.07.27"]
[EventRounds "11"]
[EventCountry "ENG"]

1. d4 Nf6 2. c4 e6 3. Nf3 Bb4+ 4. Nbd2 b6 5. g3 Bb7 6. Bg2 O-O 7. O-O a5 8. Nb1
Be7 9. Re1 Qc8 10. d5 exd5 11. cxd5 Bxd5 12. e4 Bxe4 13. Rxe4 Nxe4 14. Qd5 Nxg3
15. hxg3 c6 16. Qh5 d5 17. Bh3 Qb7 18. Bf5 g6 19. Qh6 Re8 20. Ng5 Bxg5 21. Bxg5
f6 22. Bxg6 Re1+ 23. Kg2 fxg5 24. Nd2 Rxa1 25. Bf5 Na6 26. Nf3 Qg7 27. Qxc6 Rf8
 0-1